A writer's guide to book publishing / (Record no. 1097)

MARC details
000 -LEADER
fixed length control field 00977pam a2200277 a 4500
005 - DATE AND TIME OF LATEST TRANSACTION
control field 20260322212046.0
008 - FIXED-LENGTH DATA ELEMENTS--GENERAL INFORMATION
fixed length control field data
010 ## - LIBRARY OF CONGRESS CONTROL NUMBER
LC control number 93046730
020 ## - INTERNATIONAL STANDARD BOOK NUMBER
International Standard Book Number 0452270219 :
Terms of availability {dollar}12.95 ({dollar}17.50 Can.)
020 ## - INTERNATIONAL STANDARD BOOK NUMBER
International Standard Book Number 9780452270213 :
Terms of availability {dollar}12.95 ({dollar}17.50 Can.)
040 ## - CATALOGING SOURCE
Original cataloging agency DLC
Transcribing agency DLC
Modifying agency DLC
050 00 - LIBRARY OF CONGRESS CALL NUMBER
Classification number PN155
Item number .B3 1994
082 00 - DEWEY DECIMAL CLASSIFICATION NUMBER
Classification number 808/.02
Edition information 20
092 ## - LOCALLY ASSIGNED DEWEY CALL NUMBER (OCLC)
Classification number 808.02 B3 1994
001 - CONTROL NUMBER
control field data
100 1# - MAIN ENTRY--PERSONAL NAME
Personal name Balkin, Richard.
245 12 - TITLE STATEMENT
Title A writer's guide to book publishing /
Statement of responsibility, etc. Richard Balkin & Nick Bakalar.
250 ## - EDITION STATEMENT
Edition statement 3rd ed., rev. and expanded /
Remainder of edition statement revised by Nick Bakalar and Richard Balkin.
260 ## - PUBLICATION, DISTRIBUTION, ETC.
Place of publication, distribution, etc. New York, N.Y., U.S.A. :
Name of publisher, distributor, etc. Plume,
Date of publication, distribution, etc. c1994.
300 ## - PHYSICAL DESCRIPTION
Extent xviii, 350 p. :
Other physical details ill. ;
Dimensions 21 cm.
500 ## - GENERAL NOTE
General note "Two chapters by Jared Carter, revised by Trent Duffy."
504 ## - BIBLIOGRAPHY, ETC. NOTE
Bibliography, etc. note Includes bibliographical references (p. [334]-343) and index.
650 #0 - SUBJECT ADDED ENTRY--TOPICAL TERM
Topical term or geographic name entry element Authors and publishers.
650 #0 - SUBJECT ADDED ENTRY--TOPICAL TERM
Topical term or geographic name entry element Publishers and publishing.
700 1# - ADDED ENTRY--PERSONAL NAME
Personal name Bakalar, Nick.
Holdings
Withdrawn status Lost status Damaged status Not for loan Home library Current library Shelving location Date acquired Total checkouts Full call number Barcode Date last seen Price effective from Koha item type
        Centerville Centerville General stacks 22/03/2026   808/.02 20 BC0011131 22/03/2026 22/03/2026 Books